<?xml version='1.0' encoding='UTF-8'?>
  <record xmlns="http://www.loc.gov/MARC21/slim">
    <leader>00000cam a22000007i 4500</leader>
    <controlfield tag="001">ocm67956599</controlfield>
    <controlfield tag="003">OCoLC</controlfield>
    <controlfield tag="005">20251105091345.8</controlfield>
    <controlfield tag="008">981105s1590    fr            000 0 ger d</controlfield>
    <datafield tag="040" ind1=" " ind2=" ">
      <subfield code="a">NLGGC</subfield>
      <subfield code="b">eng</subfield>
      <subfield code="e">rda</subfield>
      <subfield code="e">dcrmr</subfield>
      <subfield code="c">NLGGC</subfield>
      <subfield code="d">QGJ</subfield>
    </datafield>
    <datafield tag="029" ind1="0" ind2=" ">
      <subfield code="a">NLGGC</subfield>
      <subfield code="b">17468133X</subfield>
    </datafield>
    <datafield tag="035" ind1=" " ind2=" ">
      <subfield code="a">(OCoLC)67956599</subfield>
    </datafield>
    <datafield tag="245" ind1="0" ind2="6">
      <subfield code="a">Eines Hoch vnd Ehrwürdigen Thumbcapittels hoher Stifft Strassburg, grundtliche verantwortung vnd widerlegung, deren von Graff Christoff Ladisslaen von Thengen aussgegossenen vnnd in offnen Truck Publicirten Calumnien vnd Schmähschrifft. Deren Datum stehet Strassburg den 23. Januarij stylo nouo Anno &amp;c. 89 :</subfield>
      <subfield code="b">Darinnen vnter Andern klärlich aussgefürt vnd erwiesen wirdt, Dass das hohe Stifft Strassburg, dem Stull oder Bapst zu Rom mit nichten vnterworffen sey, Das auch die Euangelische fürsten, Graffen und Herren, welche innerhalb Fünfftzig vnd mehr Jaren darauff gelebt, sich weder mit annemung der Geistlichen Weyhe oder ordinum noch sonsten in einige andere wege, demselben verpflicht gemacht vnnd, ihn vor ihre höchste Obrigkeit in der Geistlichkeit angenommen vnd erkandt haben.</subfield>
    </datafield>
    <datafield tag="246" ind1="3" ind2=" ">
      <subfield code="a">Hochwürdigen und ehrwürdigen Thumbcapittels hoher Stifft Straßburg, grundtliche verantwortung und widerlegung, deren von Graff Christoff Ladißlaen von Thengen außgegossenen unnd in offnen Truck publicirten Calumnien und Schmäschrifft. Deren Datum stehet Straßburg den 23. Januarii stylo novo Anno etc. 89</subfield>
    </datafield>
    <datafield tag="264" ind1=" " ind2="1">
      <subfield code="a">[Strasbourg] :</subfield>
      <subfield code="b">[Anton Bertram],</subfield>
      <subfield code="c">M. D. XC. [1590]</subfield>
    </datafield>
    <datafield tag="300" ind1=" " ind2=" ">
      <subfield code="a">122 pages ;</subfield>
      <subfield code="c">19 cm (4to)</subfield>
    </datafield>
    <datafield tag="336" ind1=" " ind2=" ">
      <subfield code="a">text</subfield>
      <subfield code="b">txt</subfield>
      <subfield code="2">rdacontent</subfield>
    </datafield>
    <datafield tag="337" ind1=" " ind2=" ">
      <subfield code="a">unmediated</subfield>
      <subfield code="b">n</subfield>
      <subfield code="2">rdamedia</subfield>
    </datafield>
    <datafield tag="338" ind1=" " ind2=" ">
      <subfield code="a">volume</subfield>
      <subfield code="b">nc</subfield>
      <subfield code="2">rdacarrier</subfield>
    </datafield>
    <datafield tag="340" ind1=" " ind2=" ">
      <subfield code="m">4to</subfield>
      <subfield code="2">rdabf</subfield>
    </datafield>
    <datafield tag="500" ind1=" " ind2=" ">
      <subfield code="a">Place of publication and printer's name from VD 16.</subfield>
    </datafield>
    <datafield tag="500" ind1=" " ind2=" ">
      <subfield code="a">Signatures: A-O⁴ P⁶; P6 is blank</subfield>
    </datafield>
    <datafield tag="500" ind1=" " ind2=" ">
      <subfield code="a">A4 misprinted as A3</subfield>
    </datafield>
    <datafield tag="500" ind1=" " ind2=" ">
      <subfield code="a">Contains also with caption title: M. Viti Zigleri vnderthenige Supplication, an ein Ehrw. Thumbcapitul wegen der ime zugefügter Landfriedbrüchigen Thathandlung, abgangen.</subfield>
    </datafield>
    <datafield tag="500" ind1=" " ind2=" ">
      <subfield code="a">"Vnderthenige Supplication" has running title: "Bericht von verlauffener Sachen M. Viti Ziglers, Dechant zu S. Leonhardt'.</subfield>
    </datafield>
    <datafield tag="500" ind1=" " ind2=" ">
      <subfield code="a">Contains also with caption title: Eines Ehr. Thumbcapituls hoher Stifft Straszburg Mandatum cum annexa citationem wider Graff Christoff Ladiszlaum von Thengen" by Graf Herman Adolf Grave zu Solms.</subfield>
    </datafield>
    <datafield tag="500" ind1=" " ind2=" ">
      <subfield code="a">Contains also with caption title: Graff Christoff Ladislaen von Tengen vermeinte Verantwortung vnnd Gegenbericht auff vorhergehendes Mandat.</subfield>
    </datafield>
    <datafield tag="500" ind1=" " ind2=" ">
      <subfield code="a">Contains also: Des von Thengen Schreiben an ein Ersamen Raht der Statt Strassburg.</subfield>
    </datafield>
    <datafield tag="510" ind1="4" ind2=" ">
      <subfield code="a">Verzeichnis der im deutschen Sprachbereich erschienenen Drucke des 16. Jahrhunderts (VD 16),</subfield>
      <subfield code="c">S 9406</subfield>
      <subfield code="u">https://gateway-bayern.de/VD16+S+9406</subfield>
    </datafield>
    <datafield tag="510" ind1="4" ind2=" ">
      <subfield code="3">Vnderthenige Supplication, an ein Ehrw. Thumbcapitul:</subfield>
      <subfield code="a">Verzeichnis der im deutschen Sprachbereich erschienenen Drucke des 16. Jahrhunderts (VD 16),</subfield>
      <subfield code="c">Z 457</subfield>
      <subfield code="u">https://gateway-bayern.de/VD16+Z+457</subfield>
    </datafield>
    <datafield tag="510" ind1="4" ind2=" ">
      <subfield code="3">Vermeinte Verantwortung vnnd Gegenbericht auff vorhergehendes Mandat:</subfield>
      <subfield code="a">Verzeichnis der im deutschen Sprachbereich erschienenen Drucke des 16. Jahrhunderts (VD 16),</subfield>
      <subfield code="c">N 489</subfield>
      <subfield code="u">https://gateway-bayern.de/VD16+N+489</subfield>
    </datafield>
    <datafield tag="700" ind1="1" ind2="2">
      <subfield code="i">Container of (work):</subfield>
      <subfield code="a">Ziegler, Veit,</subfield>
      <subfield code="1">https://d-nb.info/gnd/119877945</subfield>
      <subfield code="t">Untertänige Supplikation an ein ehrwürdiges Domkapitel</subfield>
    </datafield>
    <datafield tag="700" ind1="1" ind2="2">
      <subfield code="i">Container of (work):</subfield>
      <subfield code="a">Solms-Hohensolms, Hermann Adolf zu,</subfield>
      <subfield code="d">1545-1613.</subfield>
      <subfield code="t">Mandatum cum annexa citatione.</subfield>
    </datafield>
    <datafield tag="700" ind1="1" ind2="2">
      <subfield code="i">Container of (work):</subfield>
      <subfield code="a">Nellenburg, Christoph Ladislaus von,</subfield>
      <subfield code="d">1535-1591.</subfield>
      <subfield code="t">Wahrhafte Verantwortung und gründlicher Bericht auf Graf Hermann Adolf von Solms ... nichtige Mandat und Zitation]</subfield>
    </datafield>
    <datafield tag="700" ind1="1" ind2=" ">
      <subfield code="a">Bertram, Anton,</subfield>
      <subfield code="d">active 1584-1628,</subfield>
      <subfield code="e">printer.</subfield>
      <subfield code="4">prt</subfield>
      <subfield code="1">https://id.oclc.org/worldcat/entity/E39PCjJqTgyH4byDQ6dQmpy7d3</subfield>
    </datafield>
    <datafield tag="740" ind1="0" ind2=" ">
      <subfield code="a">Underthenige Supplication, an ein Ehrwürdiges Thumbcapitul wegen der ime zugefügter Landfriedbrüchigen Thathandlung, abgangen.</subfield>
    </datafield>
    <datafield tag="740" ind1="0" ind2=" ">
      <subfield code="a">Ehrwürdige Thumbcapituls hoher Stifft Straszburg Mandatum cum annexa citationem wider Graff Christoff Ladißlaum von Thengen.</subfield>
    </datafield>
    <datafield tag="752" ind1=" " ind2=" ">
      <subfield code="a">France</subfield>
      <subfield code="d">Strasbourg,</subfield>
      <subfield code="e">publication place.</subfield>
      <subfield code="4">pup</subfield>
    </datafield>
  </record>